000 01009nam a2200301Ia 4500
003 OSt
005 20230506015137.0
008 230417t1959||||xx |||||||||||||| ||und||
040 _aODONTO
_bspa
_cODONTO
_dODONTO
041 _aspa
082 _a616.39 D611:4
245 0 _aDiseases of metabolism :
_bdetailed methods of diagnosis and treatment /
_cedit. Garfield C. Duncan.--
250 _a4 ed.
260 _aPhiladelphia :
_bSaunders,
_c1959.
300 _axxi, 1104 p. :
_b il. :
_c24 cm.
504 _aBibliografia capitular e index
650 0 2 _aMetabolismo
_94024
650 0 2 _aMetabolismo de las proteinas
_94133
650 0 2 _aMetabolismo de los lipidos
_94134
650 0 2 _aMetabolismo de los minerales
_94135
650 0 2 _aObesidad
_94136
650 0 2 _aDesnutrición
_94137
650 0 2 _aEnfermedades
_xMetabolismo
_94138
700 0 _aDuncan, Garfield G.
_94139
700 0 _aBauer, Walter
_94140
700 0 _aCalkins, Evan
_94141
942 _aBiblioteca de Odontología
_cBK
_k616.39 D611:4
_2ddc
999 _c1425
_d1425